Antología del cuento chileno

Sparad:
Bibliografiska uppgifter
Huvudupphovsmän: Calderón, Alfonso (Författare, medförfattare), Santander, Carlos (Författare, medförfattare)
Övriga upphovsmän: Lastra Salazar, Pedro (autor)
Materialtyp: Bok
Språk:spanska
Publicerad: Santiago Universitaria 1974
Ämnen:
Taggar: Lägg till en tagg
Inga taggar, Lägg till första taggen!

MARC

LEADER 00000nam a2200000 a 4500
001 UCZ0005
003 CL-VaPUC
008 950724e19740700CL |||||||||||||||||spa|d
082 0 4 |a Ch863  |b CAL  |2 21 
100 0 |a Calderón, Alfonso  |e author  |9 342576 
700 0 |a Santander, Carlos  |e author  |9 342577 
700 |a Lastra Salazar, Pedro  |e autor  |9 589951 
245 1 0 |a Antología del cuento chileno 
300 |a 341 p 
942 |c BK 
945 |d 19950724 00:00:00  |a cmena 
260 |a Santiago  |b Universitaria  |c 1974 
650 0 |a Cuentos chilenos   |9 308280 
650 0 |a Literatura chilena   |9 308278 
650 0 |a Antologías  |9 309836 
583 |a last modification  |c 19950724 00:00:00  |k Rodrigo Vera 
999 |c 236985  |d 236983 
952 |0 0  |1 0  |4 0  |6 CH_863_000000000000000_CAL_1974  |7 0  |8 A  |9 245590  |a BIBEDU  |b BIBEDU  |d 2019-11-18  |i 1540394  |o Ch863 CAL 1974  |p 1540394  |r 2019-11-18  |w 2019-11-18  |y BK  |k EDU 
952 |0 0  |1 0  |4 0  |6 CH_863_000000000000000_CAL_1974  |7 0  |8 A  |9 245591  |a BIBEDU  |b BIBEDU  |d 2019-11-18  |i 144610K  |o Ch863 CAL 1974  |p 144610K  |r 2019-11-18  |w 2019-11-18  |y BK  |k LIT